LEADER 01267nam0-2200373---450- 001 990001008030203316 010 $a88-14-02447-2 035 $a0100803 035 $aUSA010100803 035 $a(ALEPH)000100803USA01 035 $a0100803 100 $a20020228d1990----km-y0ITAy01------ba 101 $aita 102 $aIT 105 $aa 00||| 200 1 $aDa cittadini a nobili$elotta politica e riforma delle istituzioni nella Toscana di Francesco Stefano$fMarcello Verga$gin appendice: le relazioni di Pompeo Neri sul codice (1747), la nobiltà (1748) e le magistrature fiorentine (1745-1763) 210 $aMilano$cGiuffrè$d1990 215 $a702 p., [4] c. di tav.$cill.$d24 cm 225 2 $aLa Leopoldina$v4 410 0$12001$aLa Leopoldina$v4 607 $aToscana $xOrdinamento$zSec. 18. 676 $a342.455 700 1$aVERGA,$bMarcello$0139831 801 0$aIT$bsalbc$gISBD 912 $a990001008030203316 951 $aIG XI 420$b79082 EC$cIG IX 959 $aBK 969 $aECO 979 $aPATTY$b90$c20020228$lUSA01$h1828 979 $aPATTY$b90$c20020228$lUSA01$h1830 979 $c20020403$lUSA01$h1742 979 $aPATRY$b90$c20040406$lUSA01$h1709 996 $aDa "cittadini" a "nobili"$9650182 997 $aUNISA LEADER 00990cam0-2200349---450- 001 990004884950403321 005 20110616115042.0 035 $a000488495 035 $aFED01000488495 035 $a(Aleph)000488495FED01 035 $a000488495 100 $a19990604e19691751km-y0itay50------ba 101 0 $aeng 102 $aGB 105 $ay-------001yy 200 1 $aHermes$fJames Harris 205 $aRistampa anastatica 210 $aMenston (England)$cThe Scolar Press$d1969 215 $aXIX, 426 p.$d23 cm 300 $aSul front.: 1751 324 $aRipr. facs. dell'ed.: London : H. Woodfall, 1751 517 1 $aHermes or a philosophical inquiry concerning language and universal grammar 610 0 $aGrammatica 676 $a415 700 1$aHarris,$bJames$043235 801 0$aIT$bUNINA$gRICA$2UNIMARC 901 $aBK 912 $a990004884950403321 952 $a415 HAR 2$bFil. Mod. 24524$fFLFBC 959 $aFLFBC 996 $aHermes$9520805 997 $aUNINA